Centro del Ejército y de la Armada (Record no. 24329)

MARC details
000 -LEADER
campo de control de longitud fija 00806nam a2200193 i 4500
001 - NÚMERO DE CONTROL
campo de control 24329
003 - IDENTIFICADOR DE NÚMERO DE CONTROL
campo de control ES-MaACL
005 - FECHA Y HORA DE LA ÚLTIMA TRANSACCIÓN
campo de control 20230906153028.0
007 - CAMPO FIJO DE DESCRIPCIÓN FÍSICA--INFORMACIÓN GENERAL
campo de control de longitud fija t|
008 - DATOS DE LONGITUD FIJA--INFORMACIÓN GENERAL
campo de control de longitud fija 021217s1919 sp ||||1| spa d
100 1# - ENTRADA PRINCIPAL--NOMBRE DE PERSONA
Nombre de persona Antolín Becerro, Manuel.
9 (RLIN) 21920
245 10 - MENCIÓN DEL TÍTULO
Título Centro del Ejército y de la Armada
Resto del título : biblioteca-memoria correspondiente al año 1918... y suplemento al catálogo general de 1917 /
Mención de responsabilidad, etc. Manuel Antolín Becerro.
260 ## - PUBLICACIÓN, DISTRIBUCIÓN, ETC.
Lugar de publicación, distribución, etc. Madrid :
Nombre del editor, distribuidor, etc. [s.n.],
Fecha de publicación, distribución, etc. 1919.
300 ## - DESCRIPCIÓN FÍSICA
Extensión 51 p. ;
Dimensiones 27 cm.
610 24 - PUNTO DE ACCESO ADICIONAL DE MATERIA--NOMBRE DE ENTIDAD CORPORATIVA
Nombre de entidad corporativa o nombre de jurisdicción como elemento de entrada Centro del Ejército y de la Armada (Madrid).
Unidad subordinada Biblioteca-
Subdivisión de forma Catálogos.
9 (RLIN) 162030
610 24 - PUNTO DE ACCESO ADICIONAL DE MATERIA--NOMBRE DE ENTIDAD CORPORATIVA
Nombre de entidad corporativa o nombre de jurisdicción como elemento de entrada Centro del Ejército y de la Armada (Madrid).
Unidad subordinada Biblioteca-
Subdivisión de forma Memorias.
9 (RLIN) 162029
710 2# - ENTRADA AGREGADA--NOMBRE DE ENTIDAD CORPORATIVA
Nombre de entidad corporativa o nombre de jurisdicción como elemento de entrada Centro del Ejército y de la Armada (Madrid).
Unidad subordinada Biblioteca.
9 (RLIN) 162025
852 ## - LOCALIZACIÓN
Ubicación ES-MaACL
Número de control de estantería 1501-F-23
Holdings
Estatus retirado Estado de pérdida Estado de daño No para préstamo Colección Biblioteca de origen Biblioteca actual Ubicación en estantería Fecha de adquisición Fuente de adquisición Total de préstamos Signatura topográfica completa Código de barras Visto por última vez Precio de reemplazo Tipo de ítem Koha
        Colección de folletos Biblioteca del Ateneo de Madrid Biblioteca del Ateneo de Madrid Depósito folletos 17/01/2008     1501-F-23 1025085 23/02/2023 23/02/2023 Folleto